00993 a2200181 45000010006000000050017000060080041000230030015000640400040000790800076001192450138001950200018003332500011003512640032003623000019003945050381004131000017007943028920260407155615.0260407a1983 arg spa dAR-UNSa-BCEJYS aAR-UNSa-BCEJYSbspacAR-UNSa-BCEJYS a657.23xCompensaciones. Correcciones. Ajustes (devaluación monetaria)10aAjuste contable por inflaciónpdesarrollo teórico- práctico del método y de las normas profesionales y legales que lo regulan a950-0109-20-4 a3a. ed 1aBuenos Aires :bTesisc1983 a228 p.c23 cm. a1. Introducción: contabilidad e inflación - 2. Normas profesionales y legales que regulan la presentación de estados contables ajustados por inflación - 3. Ajuste integral: aspectos generales - 4. Ajuste integral: aspectos particulares - 5. Método simplificado para el ajuste integral de los estados contables - 6. Otras consideraciones - 7. Caso práctico completo1 aBrojt, David